Language... By Other 14 Categories! Quiz Stats

 Plays Quiz Updated Feb 21, 2018

Challenge
Share
Tweet
Embed
Score 0/14 Timer 06:00
6 Plays Today
Question Answer Wrong Answers
Science: Which branch of linguistics, the study of language, is devoted to speech sounds and pronunciation of letters? Phonetics
83.8%
Etymology
6.2%
Morphology
2.9%
Semantics
2.9%
Holiday: Which word does not stand for Christmas in the language given? Oster (German)
79.6%
Natale (Italian)
6.1%
Noël (French)
2.3%
Рождество (Russian)
7.7%
Music: In which language is Wolfgang Amadeus Mozart's opera The Magic Flute written? German
69.5%
English
2.8%
French
5%
Italian
18.4%
Miscellaneous: The Latin word Audi, name of a world-famous car brand, is an imperative of a verb with one of the following English translations. Which one is correct? to listen
63.9%
to imagine
19.7%
to look
5.3%
to see
6.9%
Geography: Which Northern European capital name literally means 'harbour of the merchants'? Copenhagen
63.5%
Helsinki
11%
Oslo
3.5%
Stockholm
17.8%
Movies: Which original name of an Italian-language movie receiving Academy Award for Best Foreign Language Film features the word meaning 'thieves'? Ladri di biciclette by De Sica
52.8%
Ieri, oggi, domani by De Sica
9.1%
Le notti di Cabiria by Fellini
20.5%
La strada by Fellini
13.1%
History: Which language, alongside French and Spanish, was adopted as official in Equatorial Guinea in 2007 by the request of their President Teodoro Obiang Nguema Mbasogo? Portuguese
51%
English
36.6%
German
4.2%
Italian
4%
Religion: Which book written in Biblical Hebrew is not considered part of Biblical canon in Protestantism? Sirach
48.3%
Hosea
13.6%
Micah
16.7%
Obadiah
17%
Just For Fun: Unscramble a language which is not Indo-European. ZYGRYK
39.7%
DIHIN
15.3%
HAUTINALIN
20.7%
SARIF
20%
Gaming: Which letter has the highest points value in Czech version of Scrabble? X
38.3%
Ě
11.5%
Ů
24.9%
Ý
21%
Entertainment: What is the Japanese word which stands for individual volumes of manga, as opposed to the term for magazines featuring multiple series? 単行本 (tankōbon)
31.2%
同人誌 (dōjinshi)
28.4%
百合 (yuri)
24.3%
雑誌 (zasshi)
11.5%
Television: Which of the following TV channels operating in Belgium is a Flemish-speaking one? VRT
26.7%
AB3
9.7%
BRF
35.8%
RTBF
23.3%
Sports: Which of the following sporting abbreviations does not stand for something in French? UEFA
26.6%
FIA
22.2%
FIBA
23.7%
FIFA
23.2%
Literature: The Nobel Prize winner Frédéric Mistral (1830 - 1914) was writing in which language spoken in France? Occitan
20.4%
Breton
36.5%
Burgundian (langue d'oïl)
17.1%
Corsican
21.5%

You're not logged in!

Compare scores with friends on all Sporcle quizzes.
OR
Log In

You Might Also Like...

Show Comments

Extras

Top Quizzes Today


Score Distribution

Your Account Isn't Verified!

In order to create a playlist on Sporcle, you need to verify the email address you used during registration. Go to your Sporcle Settings to finish the process.

Report this User

Report this user for behavior that violates our Community Guidelines.

Details: